Cyber security: a pre-requisite for effective e-governance (banking sector) (Record no. 502353)

000 -LEADER
fixed length control field 00660cam a22001577a 4500
008 - FIXED-LENGTH DATA ELEMENTS--GENERAL INFORMATION
fixed length control field 180718b2011 xxu||||| |||| 00| 0 eng d
082 ## - DEWEY DECIMAL CLASSIFICATION NUMBER
Classification number APPPA 2010-11/SAH
100 ## - MAIN ENTRY--PERSONAL NAME
Personal name Sahai, Sushilesh Mohan
245 ## - TITLE STATEMENT
Title Cyber security: a pre-requisite for effective e-governance (banking sector)
Statement of responsibility, etc. by Sushilesh Mohan Sahai
260 ## - PUBLICATION, DISTRIBUTION, ETC.
Place of publication, distribution, etc. New Delhi
Name of publisher, distributor, etc. Indian Institute of Public Administration
Date of publication, distribution, etc. 2011
300 ## - PHYSICAL DESCRIPTION
Extent 103p.
500 ## - GENERAL NOTE
General note An APPPA M.Phil dissertation, 2010-11 (Guide: Mrs. Charru Malhotra)
650 ## - SUBJECT ADDED ENTRY--TOPICAL TERM
Topical term or geographic name entry element Banks and banking --Technological innovations --India
650 ## - SUBJECT ADDED ENTRY--TOPICAL TERM
Topical term or geographic name entry element Banks and banking --Information technology --India.
650 ## - SUBJECT ADDED ENTRY--TOPICAL TERM
Topical term or geographic name entry element Internet banking --India
Holdings
Withdrawn status Lost status Damaged status Not for loan Permanent Location Current Location Date acquired Full call number Barcode Date last seen Price effective from Koha item type
        Indian Institute of Public Administration Indian Institute of Public Administration 2018-08-04 APPPA 2010-11/SAH GR18618 2018-08-04 2018-08-04 GR

Powered by Koha